| 000 | 01588nam0a2200421 4500 | ||
|---|---|---|---|
| 001 | RU\NLR\bibl\1792493 | ||
| 005 | 20260405224412.0 | ||
| 010 |
_a978-5-17-065453-6 _bАСТ |
||
| 010 |
_a978-5-271-34398-8 _bАстрель _95500 |
||
| 021 |
_aRU _b2011-49161 _93498 |
||
| 035 | _a(nilc)IZD\AST\2007\1077699 | ||
| 035 | _a(NLR Aleph) 001783191 | ||
| 090 |
_a1710657 _c1710657 |
||
| 100 | _a20110511d2011 |||y0rusy50 ca | ||
| 101 | 0 | _arus | |
| 102 | _aRU | ||
| 105 | _aa ||||||||| | ||
| 200 | 1 |
_aЯ - паладин! _e[фантастический роман] _fВиктор Косенков _g[худож.: И. Хивренко] |
|
| 210 |
_aМосква _cАСТ _cАстрель _d2011 |
||
| 215 |
_a412, [1] с. _cил. _d21 |
||
| 225 | 1 | _aDisciples | |
| 225 | 1 | _aRenaissance | |
| 686 |
_a84(2Рос=Рус)6-445 _vLBC/PL _2rubbk |
||
| 686 |
_a06520 _aРоссийское фэнтези _2TCC-BG |
||
| 686 | _aШ6(2=Р)8-445 | ||
| 700 | 1 |
_4070 _8rus _7ca _aКосенков _bВ. В. _f1974- _gВиктор Викторович _3RU\NLR\AUTH\7721306 _94368 |
|
| 702 | 1 |
_4040 _8rus _7ca _aХивренко _bИ. А. _cхудожник _f1976- _gИван Александрович _3RU\NLR\auth\77102482 _985408 |
|
| 801 | 0 |
_aRU _bЛИБНЕТ _c20110511 _gRCR |
|
| 801 | 1 |
_aRU _bЛИБНЕТ _c20110511 |
|
| 801 | 2 |
_aRU _bЦУНБ Москва _c20110705 _gRCR |
|
| 801 | 2 |
_aRU _bNLR _c20110727 _grcr |
|
| 830 | _aCODE_OF_LIBNET\000059717 | ||
| 942 | _cBOOK | ||
| 980 | _aNB | ||
| 980 | _aNBR | ||